000 00406cam a2200169 4500
001 D13682
008 090401t1956 xxu||||| |||| 00| 0 eng d
035 _a(Sirsi) u11116
041 _aeng
110 _aRating & Valuation Assoc
_92324
245 2 _aA conspectus of the basic rating & valuation acts
260 _bRVA
_c1956
350 _a0
520 _aShelf 133
942 _n0
948 _c04/03/1997
999 _c86813
_d86813